[Event "Oberliga NRW 1011"]
[Site "Germany"]
[Date "2011.03.13"]
[Round "8.6"]
[White "Sundorf, Jannik"]
[Black "Werner, Knud"]
[Result "1-0"]
[WhiteElo "2098"]
[BlackElo "2234"]
[PlyCount "73"]
[EventDate "2010.09.26"]
[EventType "team-tourn"]
[EventRounds "9"]
[EventCountry "GER"]
[SourceTitle "EXT 2012"]
[Source "ChessBase"]
[SourceDate "2011.11.24"]
[SourceVersion "1"]
[SourceVersionDate "2011.11.24"]
[SourceQuality "1"]
[WhiteTeam "Muenster"]
[BlackTeam "Duisburg"]
[WhiteTeamCountry "GER"]
[BlackTeamCountry "GER"]

1. d4 c5 2. d5 f5 3. c4 g6 4. Bd2 Bg7 5. Bc3 Nf6 6. e3 0-0 7. Be2 d6 8. h4 e5 9. dxe6 Bxe6 10. Nh3 Ne4 11. Bxg7 Kxg7 12. Nf4 Bg8 13. Qb3 Qa5+ 14. Nc3 Na6 15. Qxb7+ Nc7 16. Qb3 Rab8 17. Qa4 Qb6 18. Nxe4 Qxb2 19. 0-0 fxe4 20. Qd7+ Rf7 21. Qxd6 Ne8 22. Qxc5 Rxf4 23. exf4 Rb6 24. Qe5+ Nf6 25. c5 Rb4 26. Qxb2 Rxb2 27. Ba6 Bd5 28. Rfd1 Rc2 29. Rdc1 Rb2 30. c6 e3 31. f3 Nh5 32. c7 Nxf4 33. c8Q Rxg2+ 34. Kh1 Bxf3 35. Qc7+ Kg8 36. Qb8+ Kg7 37. Qe5+ 1-0

[Event "Oberliga NRW 1011"]
[Site "Germany"]
[Date "2010.11.28"]
[Round "3.7"]
[White "Werner, Knud"]
[Black "Kartsev, Alexandr"]
[Result "1-0"]
[WhiteElo "2234"]
[BlackElo "2145"]
[PlyCount "97"]
[EventDate "2010.09.26"]
[EventType "team-tourn"]
[EventRounds "9"]
[EventCountry "GER"]
[SourceTitle "EXT 2012"]
[Source "ChessBase"]
[SourceDate "2011.11.24"]
[SourceVersion "1"]
[SourceVersionDate "2011.11.24"]
[SourceQuality "1"]
[WhiteTeam "Duisburg"]
[BlackTeam "Castrop Rauxel"]
[WhiteTeamCountry "GER"]
[BlackTeamCountry "GER"]

1. Nf3 f5 2. c4 g6 3. Nc3 Nf6 4. d3 Bg7 5. g3 0-0 6. Bg2 d6 7. e4 e5 8. 0-0 c6 9. c5 h6 10. Nh4 Kh7 11. cxd6 Qxd6 12. f4 exf4 13. gxf4 fxe4 14. dxe4 Qc5+ 15. Kh1 Bg4 16. Qe1 Nbd7 17. e5 Nd5 18. Nxd5 cxd5 19. Be3 Qb5 20. Qd2 Nb6 21. b3 Rad8 22. Bd4 Nc8 23. Qc2 Qc6 24. Qd3 Qe6 25. Rac1 Rf7 26. h3 Bf5 27. Nxf5 gxf5 28. Bf3 b6 29. Rg1 Rfd7 30. Rc2 Ne7 31. Bh5 Rg8 32. Rcg2 Rdd8 33. Bf2 Bh8 34. Bh4 Rxg2 35. Rxg2 Bg7 36. Qg3 Rg8 37. Bxe7 Qxe7 38. Bg6+ Kh8 39. Bxf5 Rf8 40. Qg6 Rxf5 41. Qxf5 d4 42. Rc2 Kg8 43. Rc8+ Bf8 44. Rxf8+ Qxf8 45. Qxf8+ Kxf8 46. Kg2 Ke7 47. Kf3 d3 48. Ke3 d2 49. Kxd2 1-0

[Event "Oberliga NRW 0910"]
[Site "Germany"]
[Date "2010.04.25"]
[Round "9.8"]
[White "Nautsch, Werner"]
[Black "Werner, Knud"]
[Result "1/2-1/2"]
[WhiteElo "2229"]
[BlackElo "2232"]
[PlyCount "58"]
[EventDate "2009.09.20"]
[EventType "team-tourn"]
[EventRounds "9"]
[EventCountry "GER"]
[SourceTitle "EXT 2011"]
[Source "ChessBase"]
[SourceDate "2010.11.26"]
[SourceVersion "1"]
[SourceVersionDate "2010.11.26"]
[SourceQuality "1"]
[WhiteTeam "Katernberg II"]
[BlackTeam "Duisburg PSV"]
[WhiteTeamCountry "GER"]
[BlackTeamCountry "GER"]

1. d4 Nf6 2. c4 e6 3. Nf3 Bb4+ 4. Nbd2 d5 5. e3 0-0 6. Qb3 Ba5 7. Bd3 Nbd7 8. 0-0 c5 9. Ne5 Nxe5 10. dxe5 Ng4 11. f4 Bxd2 12. Bxd2 d4 13. Be4 Rb8 14. Bf3 dxe3 15. Bxe3 Nxe3 16. Qxe3 b6 17. Rfd1 Qc7 18. Rd6 Bb7 19. Rad1 Bxf3 20. Qxf3 Rb7 21. f5 exf5 22. Qxf5 Qe7 23. Rd7 Rxd7 24. Rxd7 Qh4 25. b3 Qe1+ 26. Qf1 Qe3+ 27. Qf2 Qc1+ 28. Qf1 Qe3+ 29. Qf2 Qc1+ 1/2-1/2

[Event "Oberliga NRW 0910"]
[Site "Germany"]
[Date "2010.01.31"]
[Round "6.7"]
[White "Bonnmann, Reinhard"]
[Black "Werner, Knud"]
[Result "1/2-1/2"]
[WhiteElo "2242"]
[BlackElo "2232"]
[PlyCount "93"]
[EventDate "2009.09.20"]
[EventType "team-tourn"]
[EventRounds "9"]
[EventCountry "GER"]
[SourceTitle "EXT 2011"]
[Source "ChessBase"]
[SourceDate "2010.11.26"]
[SourceVersion "1"]
[SourceVersionDate "2010.11.26"]
[SourceQuality "1"]
[WhiteTeam "Koeln SF"]
[BlackTeam "Duisburg PSV"]
[WhiteTeamCountry "GER"]
[BlackTeamCountry "GER"]

1. d4 d5 2. c4 e6 3. Nf3 c6 4. Qc2 f5 5. g3 Nf6 6. Bg2 Be7 7. 0-0 0-0 8. Nbd2 Ne4 9. Ne5 Nd7 10. Ndf3 Nxe5 11. Nxe5 Bd7 12. b3 Be8 13. Bb2 Rc8 14. e3 g5 15. f3 Nd6 16. Qe2 Bh5 17. g4 Be8 18. gxf5 Nxf5 19. Rad1 Nh4 20. Bh3 Rf6 21. e4 Rc7 22. Kh1 Bh5 23. Bg4 Bxg4 24. Nxg4 Rg6 25. Bc1 h5 26. Ne5 Rg7 27. f4 g4 28. f5 exf5 29. exf5 Bf6 30. Bh6 Rh7 31. Bf4 Rce7 32. Qc2 Qe8 33. Bg3 Nf3 34. Nxf3 gxf3 35. cxd5 h4 36. Bf2 cxd5 37. Qc3 Qh5 38. Rg1+ Rhg7 39. Qc8+ Kh7 40. Rxg7+ Rxg7 41. Qe6 Qg5 42. Rg1 Qh6 43. Qxd5 Qf4 44. Rxg7+ Bxg7 45. h3 b6 46. f6 Bxf6 47. Qf7+ 1/2-1/2

[Event "Oberliga NRW 0910"]
[Site "Germany"]
[Date "2009.11.22"]
[Round "3.8"]
[White "Werner, Knud"]
[Black "Wagner, Alexej"]
[Result "1-0"]
[WhiteElo "2232"]
[BlackElo "2228"]
[PlyCount "103"]
[EventDate "2009.09.20"]
[EventType "team-tourn"]
[EventRounds "9"]
[EventCountry "GER"]
[SourceTitle "EXT 2011"]
[Source "ChessBase"]
[SourceDate "2010.11.26"]
[SourceVersion "1"]
[SourceVersionDate "2010.11.26"]
[SourceQuality "1"]
[WhiteTeam "Duisburg PSV"]
[BlackTeam "Lippstadt Turm"]
[WhiteTeamCountry "GER"]
[BlackTeamCountry "GER"]

1. e4 c5 2. Nc3 d6 3. g3 Nc6 4. Bg2 g6 5. f4 Bg7 6. Nf3 e6 7. d3 Nge7 8. 0-0 0-0 9. Be3 Nd4 10. Kh1 b6 11. Bg1 Bb7 12. Nxd4 cxd4 13. Ne2 e5 14. c3 dxc3 15. Nxc3 d5 16. fxe5 d4 17. Ne2 Bxe5 18. Qa4 Qe8 19. Qb3 Qd7 20. Rac1 Rac8 21. Nf4 Rxc1 22. Rxc1 Qd6 23. Rf1 Nc6 24. a3 Kg7 25. Qd5 Qe7 26. Qa2 Qd6 27. b4 Ne7 28. Ne2 Bc8 29. Qc4 Be6 30. Qa6 Nc6 31. Rc1 h5 32. Qa4 Bd7 33. b5 Na5 34. Nxd4 h4 35. Nc6 Bxc6 36. d4 Bxg3 37. bxc6 h3 38. Bf3 Bf4 39. Rc3 Bd2 40. Rd3 Bf4 41. d5 f6 42. Bg4 Qe5 43. d6 b5 44. Qxa5 Qxe4+ 45. Rf3 Qxc6 46. Qxa7+ Rf7 47. d7 Bc7 48. Qd4 Rf8 49. Qc3 Qd6 50. Rd3 Qf4 51. Qd4 Qc1 52. Bxh3 1-0

[Event "Oberliga NRW 0809"]
[Site "Germany"]
[Date "2008.09.21"]
[Round "1.6"]
[White "Gassmann, Volker"]
[Black "Werner, Knud"]
[Result "1-0"]
[WhiteElo "2262"]
[BlackElo "2261"]
[PlyCount "71"]
[EventDate "2008.09.21"]
[EventType "team-tourn"]
[EventRounds "9"]
[EventCountry "GER"]
[SourceTitle "EXT 2010"]
[Source "ChessBase"]
[SourceDate "2010.11.25"]
[SourceVersion "1"]
[SourceVersionDate "2010.11.25"]
[SourceQuality "1"]
[WhiteTeam "Katernberg II"]
[BlackTeam "Duisburg"]
[WhiteTeamCountry "GER"]
[BlackTeamCountry "GER"]

1. d4 d5 2. c4 e6 3. Nc3 c6 4. e4 dxe4 5. Nxe4 Bb4+ 6. Bd2 Qxd4 7. Bxb4 Qxe4+ 8. Ne2 Ne7 9. Qd2 Nd7 10. Rd1 Qxc4 11. b3 Qe4 12. f3 Qh4+ 13. g3 Qf6 14. Nc3 Qe5+ 15. Ne4 Nd5 16. Bd6 Qh5 17. Ba3 Ne5 18. Nd6+ Kd7 19. Be2 f6 20. 0-0 Kc7 21. Kg2 Rd8 22. h3 Nf7 23. f4 Qg6 24. Bd3 f5 25. Nc4 b6 26. Ne5 Nxe5 27. fxe5 c5 28. Kh2 a5 29. g4 Ne7 30. Qf2 Rxd3 31. Rxd3 Ba6 32. Rd6 Bxf1 33. Rxb6 Qe8 34. Rxe6 Qb5 35. Rxe7+ Kd8 36. Rxg7 1-0

[Event "BL2-West 0708"]
[Site "Germany"]
[Date "2008.01.20"]
[Round "5.7"]
[White "Werner, Knud"]
[Black "Richter, Christian"]
[Result "0-1"]
[WhiteElo "2265"]
[BlackElo "2399"]
[PlyCount "112"]
[EventDate "2007.10.21"]
[EventType "team-tourn"]
[EventRounds "9"]
[EventCountry "GER"]
[SourceTitle "EXT 2009"]
[Source "ChessBase"]
[SourceDate "2008.11.26"]
[SourceVersion "1"]
[SourceVersionDate "2008.11.26"]
[SourceQuality "1"]
[WhiteTeam "Duisburg"]
[BlackTeam "Emsdetten Turm"]
[WhiteTeamCountry "GER"]
[BlackTeamCountry "GER"]

1. e4 e5 2. Nf3 Nc6 3. Bb5 a6 4. Ba4 Nf6 5. d3 b5 6. Bb3 Be7 7. 0-0 d6 8. c3 0-0 9. Re1 Na5 10. Bc2 c5 11. Nbd2 Re8 12. Nf1 Bf8 13. h3 h6 14. Ng3 g6 15. d4 Bb7 16. d5 Nc4 17. b3 Nb6 18. Nd2 Bc8 19. Bd3 Bd7 20. Qe2 Nh7 21. Ndf1 Bg7 22. Ne3 Qh4 23. Bd2 Ng5 24. a4 c4 25. bxc4 bxa4 26. Reb1 Reb8 27. Be1 Bc8 28. f3 Nh7 29. Ngf5 Qd8 30. Nxg7 Kxg7 31. Bf2 Nf6 32. Rxb6 Rxb6 33. c5 Rb3 34. Nc4 Nh5 35. Qc2 Nf4 36. Bf1 dxc5 37. Nxe5 Qg5 38. Ng4 h5 39. h4 Qe7 40. Ne3 Rab8 41. Nc4 Bd7 42. Qd2 g5 43. d6 Qe6 44. hxg5 Rb1 45. Rxb1 Rxb1 46. Na3 Ra1 47. Bxc5 Ng6 48. c4 Kg8 49. Qb2 Rd1 50. Qc2 Qe5 51. Bb4 Qd4+ 52. Qf2 Qd3 53. f4 Qxe4 54. Nc2 Rb1 55. Ba3 Qd3 56. g3 Bc6 0-1

[Event "BL2-West 0708"]
[Site "Germany"]
[Date "2007.12.09"]
[Round "4.6"]
[White "Werner, Knud"]
[Black "Schneider, Bernd"]
[Result "0-1"]
[WhiteElo "2265"]
[BlackElo "2421"]
[PlyCount "87"]
[EventDate "2007.10.21"]
[EventType "team-tourn"]
[EventRounds "9"]
[EventCountry "GER"]
[SourceTitle "EXT 2009"]
[Source "ChessBase"]
[SourceDate "2008.11.26"]
[SourceVersion "1"]
[SourceVersionDate "2008.11.26"]
[SourceQuality "1"]
[WhiteTeam "Duisburg"]
[BlackTeam "Solingen II"]
[WhiteTeamCountry "GER"]
[BlackTeamCountry "GER"]

1. c4 g6 2. g3 Bg7 3. Bg2 e5 4. Nc3 Nc6 5. a3 d6 6. d3 f5 7. e3 Nf6 8. Nge2 0-0 9. 0-0 Be6 10. Nd5 Qd7 11. Rb1 a6 12. b4 Rab8 13. Qc2 Ne7 14. Nxf6+ Bxf6 15. d4 b5 16. dxe5 dxe5 17. Rd1 Qc8 18. cxb5 axb5 19. Bb2 Bc4 20. Nc1 Qe6 21. Bf1 f4 22. Bxc4 bxc4 23. Qe4 fxe3 24. fxe3 Bg5 25. Ne2 Rb6 26. Rf1 Nf5 27. Rf3 Re8 28. Rd1 Nd6 29. Qc2 Qg4 30. Rdf1 Nf5 31. Nf4 exf4 32. Qxc4+ Rbe6 33. exf4 R8e7 34. h3 Nd6 35. Qc3 Qxh3 36. Qh8+ Kf7 37. fxg5+ Nf5 38. Qg7+ Ke8 39. Qg8+ Kd7 40. Rd1+ Nd6 41. Qa8 Re1+ 42. Rf1 Qxg3+ 43. Qg2 Qxg2+ 44. Kxg2 0-1

[Event "Oberliga NRW 0607"]
[Site "Germany"]
[Date "2007.03.18"]
[Round "7.7"]
[White "Hemmann, Arnold"]
[Black "Werner, Knud"]
[Result "0-1"]
[WhiteElo "2217"]
[BlackElo "2265"]
[PlyCount "142"]
[EventDate "2006.09.17"]
[EventType "team-tourn"]
[EventRounds "9"]
[EventCountry "GER"]
[SourceTitle "EXT 2008"]
[Source "ChessBase"]
[SourceDate "2007.11.25"]
[SourceVersion "1"]
[SourceVersionDate "2007.11.25"]
[SourceQuality "1"]
[WhiteTeam "Godesberg II"]
[BlackTeam "Duisburg"]
[WhiteTeamCountry "GER"]
[BlackTeamCountry "GER"]

1. e4 g6 2. d4 d6 3. Bc4 a6 4. a4 Bg7 5. Nf3 e6 6. Bb3 Ne7 7. h4 h6 8. Be3 Nd7 9. Qd2 Nf6 10. Nc3 Ng4 11. Bf4 b6 12. Nh2 Nxh2 13. Rxh2 Bb7 14. f3 Nc6 15. Be3 Qd7 16. d5 Ne7 17. dxe6 fxe6 18. Bd4 Bxd4 19. Qxd4 e5 20. Qd2 0-0-0 21. 0-0-0 Kb8 22. Kb1 Nc6 23. Bd5 Nd4 24. Bxb7 Kxb7 25. b3 Rdf8 26. Ne2 Ne6 27. Qd5+ Kb8 28. Kb2 Nc5 29. Rhh1 Rf6 30. Nc3 c6 31. Qc4 Qc7 32. b4 b5 33. axb5 axb5 34. Qa2 Nd7 35. Ra1 Nb6 36. Qa6 Nc4+ 37. Kb3 Qb7 38. Ra2 Rh7 39. Rha1 Nb6 40. Qxb7+ Rxb7 41. Ra6 Rf4 42. Rh1 Kc7 43. Ne2 Rf6 44. Rha1 Rf8 45. Ra7 Nc4 46. Ra8 Rfb8 47. Kc3 Nb6 48. Rxb8 Kxb8 49. Ng3 Rg7 50. Kd2 Nc4+ 51. Ke2 Kb7 52. Kf2 d5 53. h5 gxh5 54. Rh1 d4 55. Rxh5 Na3 56. Rxe5 Nxc2 57. Nf5 Rd7 58. Ke2 Nxb4 59. Re7 Rxe7 60. Nxe7 c5 61. g4 Kc7 62. Nf5 Nc6 63. Nxh6 c4 64. Nf5 b4 65. Kd2 b3 66. g5 c3+ 67. Kc1 d3 68. Ne3 d2+ 69. Kd1 Nb4 70. Nc4 Nd3 71. Nxd2 c2+ 0-1

[Event "Oberliga NRW 0607"]
[Site "Germany"]
[Date "2007.02.25"]
[Round "6.7"]
[White "Werner, Knud"]
[Black "Bejaoui, Anis"]
[Result "1/2-1/2"]
[WhiteElo "2265"]
[BlackElo "2145"]
[PlyCount "106"]
[EventDate "2006.09.17"]
[EventType "team-tourn"]
[EventRounds "9"]
[EventCountry "GER"]
[SourceTitle "EXT 2008"]
[Source "ChessBase"]
[SourceDate "2007.11.25"]
[SourceVersion "1"]
[SourceVersionDate "2007.11.25"]
[SourceQuality "1"]
[WhiteTeam "Duisburg"]
[BlackTeam "Werther"]
[WhiteTeamCountry "GER"]
[BlackTeamCountry "GER"]

1. d4 Nf6 2. Nf3 g6 3. Bf4 d5 4. e3 Bg7 5. h3 0-0 6. Be2 c5 7. c3 Qb6 8. Qb3 Nc6 9. Nbd2 c4 10. Qxb6 axb6 11. a3 b5 12. Ne5 h6 13. Rc1 Re8 14. Bh2 Nxe5 15. Bxe5 Nd7 16. Bxg7 Kxg7 17. 0-0 Nb6 18. Bd1 Bd7 19. Bc2 f5 20. f4 e6 21. Nf3 Bc6 22. g4 Rg8 23. Kf2 Kf6 24. Rg1 Raf8 25. g5+ hxg5 26. Rxg5 Rh8 27. h4 Be8 28. Rcg1 Rh6 29. Bd1 Rfh8 30. R1g2 Bf7 31. Ne5 Be8 32. Nf3 Nc8 33. Bc2 Nd6 34. Ne5 Nc8 35. Nf3 Nd6 36. Ne5 Rxh4 37. Nxg6 Bxg6 38. Rxg6+ Ke7 39. Rg7+ Nf7 40. R7g3 Rh2 41. Rxh2 Rxh2+ 42. Rg2 Rh8 43. Bd1 Kf6 44. Bc2 Nd6 45. Ke2 Kf7 46. Kf2 Ne8 47. Bd1 Rh1 48. Bf3 Nf6 49. Kg3 Rb1 50. Rh2 Ke7 51. Re2 Nd7 52. Rd2 Rg1+ 53. Kf2 Rg7 1/2-1/2

[Event "Oberliga NRW 0607"]
[Site "Germany"]
[Date "2006.09.17"]
[Round "1.8"]
[White "Werner, Knud"]
[Black "Gohla, Ulf"]
[Result "1-0"]
[WhiteElo "2265"]
[BlackElo "2239"]
[PlyCount "77"]
[EventDate "2006.09.17"]
[EventType "team-tourn"]
[EventRounds "9"]
[EventCountry "GER"]
[SourceTitle "EXT 2007"]
[Source "ChessBase"]
[SourceDate "2006.11.23"]
[SourceVersion "1"]
[SourceVersionDate "2006.11.23"]
[SourceQuality "1"]
[WhiteTeam "Duisburg"]
[BlackTeam "Wattenscheid II"]
[WhiteTeamCountry "GER"]
[BlackTeamCountry "GER"]

1. d4 d5 2. Nf3 Nc6 3. Bf4 Bg4 4. Nbd2 e6 5. e3 Bd6 6. Bg3 Bxg3 7. hxg3 Nf6 8. Be2 Qd6 9. c4 0-0 10. cxd5 exd5 11. a3 Rfe8 12. Rc1 Re7 13. 0-0 a6 14. b4 Nd8 15. Qc2 Ne6 16. Bd3 Bxf3 17. gxf3 Ng5 18. Kg2 c6 19. Rh1 h6 20. Qb2 Nd7 21. Qb1 Rae8 22. Rh4 Kf8 23. Bf5 Kg8 24. Qd3 Rd8 25. f4 Ne6 26. Nf3 Ra8 27. Rb1 Nc7 28. Ne5 Nxe5 29. fxe5 Qd8 30. Qd1 Ne6 31. f4 Qb6 32. Qg4 Kf8 33. Bxe6 fxe6 34. Qg6 a5 35. Rf1 axb4 36. f5 Rf7 37. fxe6 Rxf1 38. Kxf1 Kg8 39. Qf7+ 1-0

[Event "Oberliga NRW 0506"]
[Site "Germany"]
[Date "2005.12.04"]
[Round "4.7"]
[White "Schmelter, Tim"]
[Black "Werner, Knud"]
[Result "0-1"]
[WhiteElo "1889"]
[BlackElo "2270"]
[PlyCount "98"]
[EventDate "2005.09.25"]
[EventType "team-tourn"]
[EventRounds "9"]
[EventCountry "GER"]
[SourceTitle "EXT 2007"]
[Source "ChessBase"]
[SourceDate "2006.11.23"]
[SourceVersion "1"]
[SourceVersionDate "2006.11.23"]
[SourceQuality "1"]
[WhiteTeam "Aachen"]
[BlackTeam "Duisburg PSV"]
[WhiteTeamCountry "GER"]
[BlackTeamCountry "GER"]

1. e4 g6 2. d4 Bg7 3. f4 d5 4. e5 h5 5. Nf3 Bg4 6. Be3 Nh6 7. Bf2 e6 8. Be2 Nf5 9. Nbd2 c6 10. 0-0 Bf8 11. c3 Be7 12. Qb3 Qb6 13. Qxb6 axb6 14. h3 Bxf3 15. Nxf3 h4 16. Kh2 Kf8 17. Bd3 Na6 18. a3 Kg7 19. b3 b5 20. Ra2 Nc7 21. Rfa1 Na6 22. a4 b4 23. c4 dxc4 24. Bxc4 Nc7 25. a5 Nd5 26. Bxd5 cxd5 27. Ra4 Rhc8 28. Be1 Rc2 29. Bxb4 Bd8 30. R4a2 Rac8 31. Bc5 Rc3 32. b4 Ng3 33. a6 b6 34. Bd6 b5 35. Bc5 Nh5 36. a7 Ra8 37. Ra6 Nxf4 38. Rd6 Rc2 39. Ne1 Re2 40. Rd7 g5 41. Rb7 g4 42. hxg4 h3 43. Rb8 Bh4 44. Rxa8 hxg2 45. Rg8+ Kxg8 46. a8Q+ Kh7 47. Bf8 Bg3+ 48. Kxg3 g1Q+ 49. Kxf4 Qe3# 0-1

[Event "Oberliga NRW 0405"]
[Site "Germany"]
[Date "2004.12.12"]
[Round "4.6"]
[White "Bruemmer, Frank"]
[Black "Werner, Knud"]
[Result "1-0"]
[WhiteElo "2237"]
[BlackElo "2255"]
[PlyCount "91"]
[EventDate "2004.10.10"]
[EventType "team-tourn"]
[EventRounds "9"]
[EventCountry "GER"]
[SourceTitle "EXT 2006"]
[Source "ChessBase"]
[SourceDate "2005.11.24"]
[SourceVersion "1"]
[SourceVersionDate "2005.11.24"]
[SourceQuality "1"]
[WhiteTeam "Gescher"]
[BlackTeam "Duisburg/Hochheide"]
[WhiteTeamCountry "GER"]
[BlackTeamCountry "GER"]

1. d4 g6 2. Nf3 Bg7 3. Nc3 a6 4. Bf4 d6 5. Qd2 b5 6. a3 Bb7 7. 0-0-0 Nd7 8. e4 e6 9. h4 h6 10. d5 e5 11. Be3 Ngf6 12. Nh2 Nxe4 13. Nxe4 f5 14. Nc3 f4 15. Qd3 Kf7 16. h5 fxe3 17. hxg6+ Kg8 18. Qxe3 Qf6 19. Bd3 Nc5 20. Ne4 Nxd3+ 21. Rxd3 Qxg6 22. Nf3 Qf7 23. Qd2 Rf8 24. Kb1 Qg6 25. Qe3 Qg4 26. Nh4 Rh7 27. f3 Qc8 28. g4 Rf7 29. Nf5 Rxf5 30. gxf5 Qxf5 31. Qa7 Qc8 32. Rg1 Kh8 33. Rc3 Bf8 34. Nf6 Rg7 35. Rxg7 Bxg7 36. Ne8 Qxe8 37. Qxb7 e4 38. Rxc7 Qe5 39. Qc8+ Kh7 40. c3 e3 41. f4 Qe4+ 42. Ka2 e2 43. Qg4 Qxd5+ 44. c4 Qg8 45. Qxe2 d5 46. Qd3+ 1-0

[Event "Oberliga NRW 0304"]
[Site "Germany"]
[Date "2004.02.29"]
[Round "7.8"]
[White "Werner, Knud"]
[Black "Broehl, Stephan"]
[Result "0-1"]
[WhiteElo "2260"]
[BlackElo "2209"]
[PlyCount "100"]
[EventDate "2003.09.28"]
[EventType "team-tourn"]
[EventRounds "9"]
[EventCountry "GER"]
[SourceTitle "CBM 098 Extra"]
[Source "ChessBase"]
[SourceDate "2004.03.10"]
[SourceVersion "2"]
[SourceVersionDate "2004.03.10"]
[SourceQuality "1"]
[WhiteTeam "Duisburg"]
[BlackTeam "Lohmar"]
[WhiteTeamCountry "GER"]
[BlackTeamCountry "GER"]

1. c4 c6 2. g3 d5 3. Bg2 Nf6 4. Nf3 dxc4 5. Na3 e5 6. Qc2 Qd5 7. 0-0 e4 8. Ne1 Bg4 9. d3 Qh5 10. f3 cxd3 11. exd3 Bc5+ 12. d4 Bxd4+ 13. Kh1 Bh3 14. Nc4 0-0 15. fxe4 Nbd7 16. Nf3 Bc5 17. Bf4 Bxg2+ 18. Kxg2 Qg6 19. Rae1 Nd5 20. Kh1 Nxf4 21. gxf4 Qh6 22. Rd1 Nf6 23. Ng5 Nh5 24. Qg2 Be7 25. h4 Rad8 26. Rde1 Rd3 27. Re3 Rxe3 28. Nxe3 Bxg5 29. hxg5 Qe6 30. Qf3 Qxe4 31. Qxe4 Ng3+ 32. Kg2 Nxe4 33. Rd1 Nc5 34. b4 Ne6 35. f5 Nxg5 36. f6 gxf6 37. Nf5 Re8 38. Rd7 h5 39. Ne7+ Kf8 40. Nf5 b6 41. Rxa7 Ne6 42. Nd6 Rd8 43. Nxf7 Rd2+ 44. Kg3 f5 45. Ne5 f4+ 46. Kf3 Ke8 47. Nxc6 Rd3+ 48. Ke4 Re3+ 49. Kf5 f3 50. Kf6 Nd8 0-1

[Event "Bundesliga 9596"]
[Site "Germany"]
[Date "1996.??.??"]
[Round "?.1"]
[White "Lutz, Christopher"]
[Black "Werner, Knud"]
[Result "1-0"]
[WhiteElo "2555"]
[BlackElo "2295"]
[PlyCount "49"]
[EventDate "1995.10.14"]
[EventType "team-tourn"]
[EventRounds "15"]
[EventCountry "GER"]
[SourceTitle "GER-chT"]
[Source "ChessBase"]
[SourceDate "1999.07.01"]
[SourceVersion "1"]
[SourceVersionDate "1999.07.01"]
[SourceQuality "1"]
[WhiteTeam "Koeln Porz"]
[BlackTeam "Duisburg"]
[WhiteTeamCountry "GER"]
[BlackTeamCountry "GER"]

1. e4 d6 2. d4 Nf6 3. Nc3 e5 4. Nf3 Nbd7 5. Bc4 Be7 6. 0-0 0-0 7. Re1 c6 8. a4 b6 9. d5 c5 10. a5 a6 11. axb6 Nxb6 12. Bf1 Ne8 13. Bd2 Nc7 14. Na4 Nxa4 15. Rxa4 Bd7 16. Ra2 Qb8 17. Ba5 Nb5 18. Nd2 Bd8 19. Nc4 g6 20. Qd2 Nd4 21. Bxd8 Rxd8 22. c3 Nb5 23. Rea1 Qb7 24. Qg5 Kg7 25. Nxd6 1-0

[Event "Oberliga NRW 8889 I"]
[Site "Germany"]
[Date "1988.??.??"]
[Round "7"]
[White "Raasch, Joerg"]
[Black "Werner, Knud"]
[Result "1-0"]
[WhiteElo "2100"]
[BlackElo "1920"]
[PlyCount "71"]
[EventDate "1988.10.??"]
[EventType "team"]
[EventRounds "9"]
[EventCountry "GER"]
[SourceTitle "EXT 1997"]
[Source "ChessBase"]
[SourceDate "1996.11.15"]
[SourceVersion "1"]
[SourceVersionDate "1996.11.15"]
[SourceQuality "1"]
[WhiteTeam "Koeln KKS"]
[BlackTeam "Duisburg II"]
[WhiteTeamCountry "GER"]
[BlackTeamCountry "GER"]

1. Nf3 g6 2. c4 Bg7 3. Nc3 Nf6 4. g3 d6 5. Bg2 0-0 6. 0-0 e5 7. d4 Nbd7 8. h3 h6 9. Qc2 Re8 10. Rd1 Qe7 11. Be3 c6 12. Rac1 exd4 13. Nxd4 Nc5 14. Bf4 g5 15. Be3 Nce4 16. Rd3 c5 17. Ndb5 a6 18. Nxd6 Nxd6 19. Bxc5 Bf5 20. Bxd6 Bxd3 21. Qxd3 Qd7 22. c5 Rac8 23. Qf3 Rc6 24. Qd3 Rcc8 25. b4 Re6 26. Rd1 Ne8 27. Ne4 f5 28. Nd2 Nxd6 29. Nc4 Rd8 30. Nxd6 Rxd6 31. cxd6 b5 32. Qa3 Qa7 33. Qb3+ Kh8 34. Qe6 Qb6 35. Qxf5 Rxd6 36. Qc8+ 1-0